000 00251nam a2200109Ia 4500
008 190216s9999||||xx |||||||||||||| ||und||
100 _aKuttikrishna Marar
245 0 _aBharatha Paryadanam
260 _bP K Brothers
650 _aPadanam
942 _cBK
999 _c24125
_d24125